YY's Motors ! - Statistics

General Stats
  • This quiz has been taken 4 times
  • The average score is 4 of 15
Answer Stats
Picture Answer % Correct
Jaguar {X} Type
100%
Chrysler {PT Cruiser}
67%
Ford {Mondeo}
67%
Chrysler {Voyager}
33%
Ford {Capri}
33%
Honda {Prelude}
33%
Kia {Sportage}
33%
Morris {Marina}
33%
Toyota {Avensis}
33%
Bedford {HA}
0%
Datsun {Sunny}
0%
Ford {Granada}
0%
Land Rover {Series} II
0%
Leyland {Sherpa}
0%
Peugeot {605}
0%
No matching quizzes found
Score Distribution
Percent of People with Each Score
Percentile by Number Answered
Your Score History
You have not taken this quiz